| Tag |
First Indicator |
Second Indicator |
Subfields |
| LEADER |
00000cam a2200000 i 4500 |
| 001 |
in00000570121 |
| 005 |
20151014061200.0 |
| 008 |
800723s1980 cauaf b 00010 eng |
| 010 |
|
|
|a 80119310
|
| 020 |
|
|
|a 0916552160
|
| 035 |
|
|
|a (OCoLC)06394920
|
| 035 |
|
|
|9 ACM9203AM
|
| 040 |
|
|
|a DLC
|c DLC
|d m.c.
|d TXA
|d UtOrBLW
|
| 041 |
1 |
|
|a eng
|h ger
|
| 043 |
|
|
|a nc-----
|
| 049 |
|
|
|a TXAM
|c [A08457965]
|
| 050 |
0 |
0 |
|a F1435.3.S34
|b M39 1980
|
| 082 |
0 |
|
|a 730/.97281/074013
|2 19
|
| 100 |
1 |
|
|a Mayer, Karl Herbert.
|
| 245 |
1 |
0 |
|a Maya monuments :
|b sculptures of unknown provenance in the United States /
|c by Karl Herbert Mayer ; translated from the German by Sandra L. Brizee.
|
| 264 |
|
1 |
|a Ramona, Calif. :
|b Acoma Books,
|c 1980.
|
| 300 |
|
|
|a 86 pages, 84 unnumbered pages of plates :
|b illustrations ;
|c 28 cm.
|
| 336 |
|
|
|a text
|b txt
|2 rdacontent
|
| 337 |
|
|
|a unmediated
|b n
|2 rdamedia
|
| 338 |
|
|
|a volume
|b nc
|2 rdacarrier
|
| 504 |
|
|
|a Bibliography: pages 79-86.
|
| 650 |
|
0 |
|a Maya sculpture.
|
| 650 |
|
0 |
|a Mayan languages
|x Writing.
|
| 650 |
|
0 |
|a Indian sculpture
|z Central America.
|
| 650 |
|
0 |
|a Indians of Central America
|x Languages
|x Writing.
|
| 999 |
|
|
|a MARS
|
| 999 |
f |
f |
|s 6a28d21e-9c40-32ac-95f8-ce28c9d98aa2
|i cce23887-c957-3d99-ae8d-f7a3b896eafa
|t 0
|
| 952 |
f |
f |
|p ric
|a Texas A&M University
|b Rellis Campus
|c Joint Library Facility
|d Remote Storage
|t 0
|e F1435.3.S34 M39 1980
|h Library of Congress classification
|i unmediated -- volume
|m A14808457965
|
| 998 |
f |
f |
|a F1435.3.S34 M39 1980
|t 0
|l Remote Storage
|